A study on the translation of english property insurance contracts into vietnamese /
There is a growing demand about the translation of English property insurance contracts into Vietnamese, especially when many foreign companies are in business in Vietnam. Therefore, how to translate an English property insurance contract into Vietnamese effectively should be paid considerable atten...
Đã lưu trong:
| Tác giả chính: | |
|---|---|
| Tác giả khác: | |
| Định dạng: | Sách |
| Ngôn ngữ: | English |
| Được phát hành: |
ĐHĐN :
ĐHĐN.
2015
|
| Những chủ đề: | |
| Các nhãn: |
Thêm thẻ
Không có thẻ, Là người đầu tiên thẻ bản ghi này!
|
| Thư viện lưu trữ: | Mạng thư viện Đại học Đà Nẵng |
|---|
| LEADER | 04310nam a22003731a 4500 | ||
|---|---|---|---|
| 001 | 000035500 | ||
| 003 | 11786 | ||
| 005 | 20221117144459.0 | ||
| 008 | 160108s2015 000 eng | ||
| 040 | |a LNN | ||
| 041 | |a eng | ||
| 082 | |a 420.30 |b TR-T | ||
| 100 | |a Trịnh,Xuân Thắng | ||
| 245 | 2 | |a A study on the translation of english property insurance contracts into vietnamese / |c Trịnh Xuân Thắng; Phan Văn Hòa supervisor. | |
| 260 | |c 2015 |a ĐHĐN : |b ĐHĐN. | ||
| 300 | |a 83tr . : ; |c 30cm+. | ||
| 520 | |a There is a growing demand about the translation of English property insurance contracts into Vietnamese, especially when many foreign companies are in business in Vietnam. Therefore, how to translate an English property insurance contract into Vietnamese effectively should be paid considerable attention. However, this is not an easy task because most of translators are not the experts who have specialized knowledge of insurance.. The findings show that communicative method is the most suitable method used when translating English property insurance contracts into Vietnamese. Translators need apply many different translation procedures such as shift or transposition, modulation, paraphrase, expansion to translate English property insurance contracts into Vietnamese. The findings also show some linguistic features and syntactic features that cause difficulties for translators including archaic words, borrowed words, long sentences and declarative sentences. In addition, word choice and cultural differences are also some problems that translators, readers and clients meet throughout their translation. Finally, the implications of these findings and suggestions for further research are also presented. The research result is hoped to be of some contribution to the translators and help them be more aware of difficulties as well as provide them with more techniques when translating English property insurance contracts into Vietnamese. In this sense, the findings are expected to bring a valuable benefit to students who studying insurance subject or staffs who working for non- life insurance companies or even clients how to translate an English property insurance contract into Vietnamese. | ||
| 650 | |a translation of english property insurance contracts into vietnamese | ||
| 653 | |a translation of english |a english property | ||
| 700 | |a Phan Văn Hòa |e supervisor | ||
| OWN | |a LNN | ||
| AVA | |a UDN50 |b LNN |c English |d 420.30 TR-T |e available |t Error 5001 Not defined in file expand_doc_bib_avail. |f 1 |g 0 |h N |i 0 |j AN |k 1 | ||
| Z40 | 3 | |y A study on the translation of english property insurance contracts into vietnamese / |l Library of UFL |t VIEW |x http://catalog.udn.vn:80/F?func=service&doc_library=UDN01&local_base=UDN01&doc_number=000035500&sequence=000001&line_number=0001&func_code=DB_RECORDS&service_type=MEDIA |f TOMTAT_000011609.pdf |e pdf |s 000266013 |k 20210802 |m NTMTHI | |
| Z40 | 3 | |y A study on the translation of english property insurance contracts into vietnamese / |l Library of UFL |t VIEW |x http://catalog.udn.vn:80/F?func=service&doc_library=UDN01&local_base=UDN01&doc_number=000035500&sequence=000002&line_number=0002&func_code=DB_RECORDS&service_type=MEDIA |f LUANVAN_000011611.pdf |e pdf |s 000506695 |k 20210802 |m NTMTHI | |
| 999 | |a From the UDN01 | ||
| AVA | |a UDN50 |b LNN |c English |d 420.30 TR-T |e available |t Error 5001 Not defined in file expand_doc_bib_avail. |f 1 |g 0 |h N |i 0 |j AN |k 1 | ||
| TYP | |a Monograph | ||
| TYP | |a Printed language | ||
| 856 | |y A study on the translation of english property insurance contracts into vietnamese / |l Library of UFL |t VIEW |x http://catalog.udn.vn:80/F?func=service&doc_library=UDN01&local_base=UDN01&doc_number=000035500&sequence=000001&line_number=0001&func_code=DB_RECORDS&service_type=MEDIA |f TOMTAT_000011609.pdf |e pdf |s 000266013 |k 20210802 |m NTMTHI | ||
| 856 | |y A study on the translation of english property insurance contracts into vietnamese / |l Library of UFL |t VIEW |x http://catalog.udn.vn:80/F?func=service&doc_library=UDN01&local_base=UDN01&doc_number=000035500&sequence=000002&line_number=0002&func_code=DB_RECORDS&service_type=MEDIA |f LUANVAN_000011611.pdf |e pdf |s 000506695 |k 20210802 |m NTMTHI | ||
| 980 | |a Mạng thư viện Đại học Đà Nẵng | ||